000 00798nab a2200241 u 4500
001 09753
003 HDC
007 cr bn ---aaaaa
008 210202c20100508my dr|nes 0 a may d
040 _aHDC
245 0 _aDagangHalal.com Sasar Daftar 3,000 Syarikat
260 _aKuala Lumpur :
_bThe New Straits Times Press (M) Bhd.,
_c2010
336 _atext
_2rdacontent
337 _acomputer
_2rdamedia
338 _aonline resource
_2rdacarrier
650 _adaganghalal.com
_99973
650 _aHalal services
_zMalaysia
_99972
710 _aBerita Harian
856 _zRequest full-text at [email protected]
942 _2lcc
942 _cNEWS
942 _kNWSC 002526
999 _c7076
_d7076